Architects' sketches : dialogue and design (Record no. 10554)

000 -LEADER
fixed length control field 00354nam a2200145Ia 4500
003 - CONTROL NUMBER IDENTIFIER
control field OSt
005 - DATE AND TIME OF LATEST TRANSACTION
control field 20220331175119.0
008 - FIXED-LENGTH DATA ELEMENTS--GENERAL INFORMATION
fixed length control field 220318s9999 xx 000 0 und d
020 ## - INTERNATIONAL STANDARD BOOK NUMBER
International Standard Book Number 9781138950825
082 ## - DEWEY DECIMAL CLASSIFICATION NUMBER
Classification number 720.284
Item number SMI
100 ## - MAIN ENTRY--PERSONAL NAME
Personal name Smith, Kendra Schank
245 #0 - TITLE STATEMENT
Title Architects' sketches : dialogue and design
260 ## - PUBLICATION, DISTRIBUTION, ETC. (IMPRINT)
Place of publication, distribution, etc Routledge
942 ## - ADDED ENTRY ELEMENTS (KOHA)
Source of classification or shelving scheme
Holdings
Withdrawn status Lost status Source of classification or shelving scheme Damaged status Koha normalized classification for sorting Not for loan Permanent location Current location Date acquired Source of acquisition Cost, normal purchase price Full call number Barcode Date last seen Cost, replacement price Price effective from Koha item type
        720_284000000000000_SMI   BMS College of Architecture, Design and Planning BMS College of Architecture, Design and Planning 2022-03-31 6 4272.54 720.284 SMI AR-UG2655 2022-03-31 6103.63 2022-03-31 UG Books
Copyright © 2025, The Librarian, Library and Information Centre, BMSCA D&P, Bengaluru. All Rights Reserved
web counter

Powered by Koha